Visual modeling with IBM rational software architecture and UML (Record no. 199570)

MARC details
000 -LEADER
fixed length control field 00553nam a2200169Ia 4500
005 - DATE AND TIME OF LATEST TRANSACTION
control field 20250411113657.0
008 - FIXED-LENGTH DATA ELEMENTS--GENERAL INFORMATION
fixed length control field 231217s9999 xx 000 0 und d
020 ## - INTERNATIONAL STANDARD BOOK NUMBER
International Standard Book Number 9788131726891
082 ## - DEWEY DECIMAL CLASSIFICATION NUMBER
Classification number 001.6424UML QUA;6
100 ## - MAIN ENTRY--PERSONAL NAME
Personal name Quatrani, Terry. Palistrant, Jim. Booch, Grady.
245 #0 - TITLE STATEMENT
Title Visual modeling with IBM rational software architecture and UML
260 ## - PUBLICATION, DISTRIBUTION, ETC. (IMPRINT)
Date of publication, distribution, etc. 2006
Name of publisher, distributor, etc. Dorling Kindersley
Place of publication, distribution, etc. South Asia
300 ## - PHYSICAL DESCRIPTION
Extent xxiii, 193
650 ## - SUBJECT ADDED ENTRY--TOPICAL TERM
Topical term or geographic name as entry element Visual,modeling,rational,software,architecture,UML
942 ## - ADDED ENTRY ELEMENTS (KOHA)
Koha item type Books
400 ## - SERIES STATEMENT/ADDED ENTRY--PERSONAL NAME [OBSOLETE, CAN/MARC], [LOCAL, USA]
Personal name Developer works series
Holdings
Date last seen Total Checkouts Full call number Accession number Uniform Resource Identifier Price effective from Category Lost status Damaged status Department Withdrawn status Permanent Location Current Location Shelving location Entry date Grants Currency symbol Conversion rate Discount Discount type
26/01/2024   001.6424UML QUA;6 93333 digital/contents/77417.pdf 26/01/2024 Books     MCA   Central Library Central Library MCA 29/10/2020 DONATED RS 1   Rupees

© For any Suggestions or Query, please contact the library staff @ librarian@pes.edu or Phone: +9180 2672 1983/ 2108.